Príjemný vánok redakčný test Renault Mégane Cabrio

Bibliographic Details
Main Author: Turis, Juraj (Author)
Format: Article
Language:Slovak
PhysicalDescription:Fotogr.
ISSN:0139-6323
Subjects:
Online Access:http://zivot.lesk.cas.sk/clanok/7994/prijemny-vanok-redakcny-test-renault-megane-cabrio.html

MARC

LEADER 00000nab a2200000 ar4500
001 vtls010180980
003 SK-MaSNL
005 20260303091828.0
008 101020c2010 xo mr|p|||||||000 b|slo
015 |a SNBRB2010/10 
038 |a SNSK 
040 |a SNSK  |b slo  |c SNSK  |e AACR2 
041 |a slo 
044 |a xo  |c SK 
080 |a 629.331.1  |2 2001 
100 1 |a Turis, Juraj  |4 aut  |9 267882 
245 1 0 |a Príjemný vánok  |b redakčný test Renault Mégane Cabrio  |c Juraj Turis 
300 |b Fotogr. 
650 0 7 |a Renault Mégane Cabrio (osobný automobil)  |2 snsk  |9 1100503 
650 0 7 |a osobné automobily  |2 snsk  |9 26643 
773 0 |t Život  |g Roč. 60, č. 34 (2010), s. 46-47  |x 0139-6323 
852 |a SNSK  |b KIS3GCP 
856 |u http://zivot.lesk.cas.sk/clanok/7994/prijemny-vanok-redakcny-test-renault-megane-cabrio.html 
999 |c 1809521  |d 1811451